| 000 | 00418nam a2200181Ia 4500 | ||
|---|---|---|---|
| 005 | 20250603144711.0 | ||
| 008 | 250603s9999 xx 000 0 und d | ||
| 020 | _a9780071221276 | ||
| 050 | _aQA 76.5 .O4285/ | ||
| 100 | _aO’ Leary, Timithy J. | ||
| 245 | 0 | _aComputing essentials | |
| 260 | _aNew York | ||
| 260 | _bMcGraw-Hill | ||
| 260 | _c2011 | ||
| 300 | _a515 p | ||
| 650 | _aNew York | ||
| 942 | _cBK | ||
| 999 |
_c39695 _d39695 |
||